Deliver us from evil : (Record no. 17037)
[ view plain ]
| 000 -LEADER | |
|---|---|
| fixed length control field | 01436cam a2200181 a 4500 |
| 020 ## - INTERNATIONAL STANDARD BOOK NUMBER | |
| ISBN | 068483233X |
| 020 ## - INTERNATIONAL STANDARD BOOK NUMBER | |
| ISBN | 9780684832333 |
| 040 ## - CATALOGING SOURCE | |
| Transcribing agency | DLC |
| 082 00 - DEWEY DECIMAL CLASSIFICATION NUMBER | |
| Classification number | 909 SHA 2000 A087 Or. |
| 100 1# - MAIN ENTRY--AUTHOR NAME | |
| Personal name | Shawcross, William |
| 245 10 - TITLE STATEMENT | |
| Title | Deliver us from evil : |
| Remainder of title | peacekeepers, warlords, and a world of endless conflict / |
| 300 ## - PHYSICAL DESCRIPTION | |
| Number of Pages | 447 pages ; |
| Dimensions | 25 cm |
| 520 1# - SUMMARY, ETC. | |
| Summary, etc | "The end of the Cold War was followed by a decade of regional and ethnic wars, massacres and forced exiles, and by constant calls for America to lead the international community as chief peacekeeper. The efforts of that community - identified with the United Nations but often dominated by the world's wealthy nations - have had mixed results." "Shawcross, a veteran of many war zones, has had broad access to global policymakers, including UN secretary general Kofi Annan, high American diplomats, peacekeepers and humanitarian-aid professionals. He has traveled with them to some of the world's most horrifying killing fields. Deliver Us from Evil is his report on the many crises faced by the international community and its servants as they struggle to respond around the world. He brings home the price many have paid attempting to restore peace and help alleviate terrible suffering. He illuminates the risks we face in a complex and dangerous world."--Jacket |
| 650 #0 - SUBJECT ADDED ENTRY--TOPICAL TERM | |
| Topical Term | World politics |
| 650 #0 - SUBJECT ADDED ENTRY--TOPICAL TERM | |
| Topical Term | Military history, Modern |
| 650 #0 - SUBJECT ADDED ENTRY--TOPICAL TERM | |
| Topical Term | Genocide |
| 942 ## - ADDED ENTRY ELEMENTS (KOHA) | |
| Koha item type | សៀវភៅភាសាអង់គ្លេស |
| 952 ## - LOCATION AND ITEM INFORMATION (KOHA) | |
| Withdrawn status [LOCAL, KOHA] | 0 |
| Permanent Location | Date acquired | Koha item type | Lost status | Shelving location | Barcode | Current Location | Full call number |
|---|---|---|---|---|---|---|---|
| Library Block A | 2018-07-20 | សៀវភៅភាសាអង់គ្លេស | A087 | A17265 | Library Block A | 909 SHA 2000 A087 Or. |